Statistics for [AdyXD] - Language Names in the Language

Click here to take the quiz!

General Stats

  • This quiz has been taken 170 times
  • The average score is 15 of 20

Answer Stats

Hint Answer % Correct
NederlandsDutch
98%
РусскийRussian
97%
DeutschGerman
92%
中文Chinese
89%
SlovenčinaSlovak
89%
RomânăRomanian
87%
Tiếng ViệtVietnamese
86%
SuomiFinnish
86%
العربيةArabic
85%
日本語Japanese
82%
MagyarHungarian
80%
Kurdî / كوردیKurdish
77%
УкраїнськаUkrainian
76%
O‘zbekUzbek
73%
БеларускаяBelarusian
71%
Krèyol ayisyenHaitian Creole
59%
EuskaraBasque
47%
ქართულიGeorgian
45%
தமிழ்Tamil
41%
ՀայերենArmenian
41%

Score Distribution

Percentile by Number Answered

Percent of People with Each Score

Your Score History

You have not taken this quiz